I fuochi di San Giovanni

Պահպանված է:
Մատենագիտական մանրամասներ
Հիմնական հեղինակ: De Marchi Andrea
Ձևաչափ: Գիրք
Լեզու:Undetermined
Հրապարակվել է: Milano Rizzoli 2001
Ցուցիչներ: Ավելացրեք ցուցիչ
Չկան պիտակներ, Եղեք առաջինը, ով նշում է այս գրառումը!

MARC

LEADER 00000nam a2200000Ia 4500
001 354
003 NUMERAZIONE-ORIGINALE-BRESCIA
005 20260206230752.0
008 260206s9999 xx 000 0 und d
100 |a De Marchi Andrea 
245 0 |a I fuochi di San Giovanni 
260 |a Milano 
260 |b Rizzoli 
260 |c 2001 
500 |a La scala - sintonie 
942 |2 ddc  |c BK  |n 0 
952 |0 0  |1 0  |2 ddc  |4 0  |6 23  |7 0  |9 28551  |a BS  |b BS  |d 2026-02-06  |i 354  |l 0  |o 2-3-*  |r 2026-02-06 22:40:37  |w 2026-02-06  |x [REVISIONARE]  |y BK 
999 |c 24217  |d 24217